| 000 | 00513nam a2200169 4500 | ||
|---|---|---|---|
| 005 | 20250926112355.0 | ||
| 008 | 250926b |||||||| |||| 00| 0 eng d | ||
| 040 | _aMAIN | ||
| 082 |
_a615.1 _bK167F |
||
| 100 | _aKaushik, Prerna | ||
| 245 | _aFormulation, optimization and evaluation of taste masked medicated chewing gum(S) | ||
| 260 |
_bDepartment of Pharmaceutical Sciences, M D University, Rohtak _c2024 |
||
| 300 | _a167 | ||
| 650 | _aPharmaceutical Science | ||
| 700 | _aKaushik, Deepak | ||
| 942 | _cTH | ||
| 999 |
_c393551 _d393551 |
||